000
00285nmm a2200097Ia 4500
008
220120s9999||||xx |||||||||||||||||und||
020
_a
81-203-2165-0
100
_a
PCQ
245
0
_a
15 best open source software for storage virtualization and
260
_a
Cyber media Pvt. Ltd.
_b
New Delhi
999
_c
139941
_d
139941